[Event "HZ Chess Tournament 2024"]
[Site "Vlissingen, Netherlands"]
[Date "2024.08.03"]
[Round "1.16"]
[White "Speck, Stefan"]
[Black "Setyaki, Azarya Jodi"]
[Result "0-1"]
[WhiteElo "1885"]
[BlackElo "2370"]
[PlyCount "62"]

1. e4 e5 2. Nf3 Nc6 3. d4 exd4 4. c3 d5 5. exd5 Qxd5 6. cxd4 Bg4 7. Nc3 Bb4 8.
Be2 Bxf3 9. Bxf3 Qc4 10. Qb3 Qxb3 11. Bxc6+ bxc6 12. axb3 Ne7 13. O-O Kd7 14.
Ne4 Rhb8 15. Rd1 Nd5 16. Rd3 Re8 17. f3 f5 18. Nc3 Bxc3 19. bxc3 Re1+ 20. Kf2
Rae8 21. Rd2 Nxc3 22. Rc2 Nd1+ 23. Kg3 Ne3 24. Rca2 Nd5 25. Rxa7 Rd1 26. R7a4
Re2 27. Bf4 Rd3 28. Be5 Rdd2 29. Ra8 Rxg2+ 30. Kh4 f4 31. h3 Rg6 0-1

[Event "HZ Chess Tournament 2024"]
[Site "Vlissingen, Netherlands"]
[Date "2024.08.03"]
[Round "1.17"]
[White "Tarigan, Gilbert Elroy"]
[Black "Westveer, Riny"]
[Result "1-0"]
[WhiteElo "2359"]
[BlackElo "1884"]
[PlyCount "49"]

1. Nf3 d5 2. g3 Nf6 3. Bg2 c5 4. O-O Nc6 5. d3 e5 6. a4 Be7 7. e4 dxe4 8. dxe4
O-O 9. Nbd2 Qc7 10. c3 Rd8 11. Qe2 b6 12. Re1 h6 13. Nh4 Be6 14. Nc4 Rd7 15.
Nf5 Bf8 16. f4 Bxc4 17. Qxc4 Na5 18. Qf1 Nb3 19. fxe5 Ng4 20. Rb1 Nxc1 21.
Rexc1 Qxe5 22. Qf3 Nf6 23. Rf1 Nh7 24. Nxh6+ gxh6 25. Qg4+ 1-0

[Event "HZ Chess Tournament 2024"]
[Site "Vlissingen, Netherlands"]
[Date "2024.08.03"]
[Round "1.19"]
[White "Sorbe, Stephane"]
[Black "Van de Poel, Taco"]
[Result "1-0"]
[WhiteElo "2343"]
[BlackElo "1881"]
[PlyCount "45"]

1. e4 c5 2. Nf3 d6 3. c3 Nf6 4. Bd3 g6 5. Bc2 Bg7 6. d4 O-O 7. h3 b6 8. O-O Bb7
9. Re1 Qc7 10. a4 e6 11. Na3 a6 12. Bf4 Nh5 13. Bh2 e5 14. Qd2 Nc6 15. d5 Ne7
16. g4 Nf4 17. Bxf4 exf4 18. Qxf4 f5 19. Ng5 Be5 20. Ne6 Bxf4 21. Nxc7 fxe4 22.
Rxe4 Nxd5 23. Bb3 1-0

[Event "HZ Chess Tournament 2024"]
[Site "Vlissingen, Netherlands"]
[Date "2024.08.03"]
[Round "1.22"]
[White "Trierweiler, Joachim"]
[Black "Rappazzo, Johannes"]
[Result "0-1"]
[WhiteElo "1875"]
[BlackElo "2278"]
[PlyCount "56"]

1. Nf3 Nf6 2. c4 g6 3. g3 Bg7 4. Bg2 O-O 5. O-O d6 6. Nc3 c5 7. d3 Nc6 8. Bd2
Rb8 9. Rb1 a6 10. a3 b5 11. cxb5 axb5 12. Ng5 d5 13. e4 d4 14. Nd5 Nd7 15. Qb3
e6 16. Nxe6 fxe6 17. Nf4 c4 18. dxc4 bxc4 19. Qxc4 Nde5 20. Qa2 Qe8 21. b4 g5
22. Nh3 g4 23. Nf4 Nf3+ 24. Kh1 Nce5 25. h4 Bh6 26. Rbc1 Bxf4 27. Bxf4 Rxf4 28.
gxf4 Qe7 0-1

[Event "HZ Chess Tournament 2024"]
[Site "Vlissingen, Netherlands"]
[Date "2024.08.03"]
[Round "1.23"]
[White "Stillger, Bernhard"]
[Black "Buijnsters, Floris"]
[Result "1-0"]
[WhiteElo "2263"]
[BlackElo "1872"]
[PlyCount "105"]

1. Nf3 Nf6 2. c4 g6 3. Nc3 Bg7 4. e4 d6 5. d4 O-O 6. Be2 e5 7. O-O Nc6 8. d5
Ne7 9. b4 Ne8 10. Nd2 f5 11. c5 Nf6 12. a4 fxe4 13. Ndxe4 Nf5 14. Bg5 Nd4 15.
a5 Bf5 16. a6 b6 17. cxd6 cxd6 18. Bd3 Qd7 19. f3 Rac8 20. Be3 Bxe4 21. Nxe4
Nf5 22. Bf2 Rc7 23. Ng5 Rfc8 24. Ne6 Rc3 25. Be4 Bh6 26. Qa4 b5 27. Qa2 R8c4
28. Qb1 Rc1 29. Qd3 Nxe4 30. fxe4 Rxa1 31. Rxa1 Ng7 32. Qh3 Bd2 33. Qxh7+ Kxh7
34. Nf8+ Kg8 35. Nxd7 Rc7 36. Nb8 Bxb4 37. Nc6 Bc5 38. Ra5 b4 39. Bxc5 dxc5 40.
Rxc5 Ne8 41. Rb5 Nd6 42. Rxb4 Kg7 43. Nxe5 Rc1+ 44. Kf2 Ra1 45. Kf3 Rxa6 46.
Nc4 Nf7 47. e5 Kf8 48. h4 Ra1 49. Rb8+ Ke7 50. Rb7+ Ke8 51. e6 Nd8 52. Nd6+ Kf8
53. e7+ 1-0

[Event "HZ Chess Tournament 2024"]
[Site "Vlissingen, Netherlands"]
[Date "2024.08.03"]
[Round "1.24"]
[White "Shah, Shrey"]
[Black "Grochal, Joey"]
[Result "0-1"]
[WhiteElo "1867"]
[BlackElo "2251"]
[PlyCount "48"]

1. e4 c5 2. Nf3 Nc6 3. d4 cxd4 4. Nxd4 Nf6 5. Nc3 e6 6. Be3 Bb4 7. f3 O-O 8.
Be2 d5 9. exd5 Nxd5 10. Nxc6 bxc6 11. Bd2 Bc5 12. Ne4 Bb6 13. c4 f5 14. Bg5 Qe8
15. Nd6 Qg6 16. Qd2 f4 17. cxd5 Qxg5 18. Bd3 Qe5+ 19. Kf1 Qxd6 20. dxc6 Ba6 21.
Rd1 Rad8 22. Ke2 Qc5 23. Qe1 Qe3+ 24. Kf1 Bxd3+ 0-1

[Event "HZ Chess Tournament 2024"]
[Site "Vlissingen, Netherlands"]
[Date "2024.08.03"]
[Round "1.25"]
[White "Van Baar, Esper"]
[Black "Van Driel, Eric"]
[Result "1-0"]
[WhiteElo "2248"]
[BlackElo "1867"]
[PlyCount "97"]

1. e4 c6 2. Nf3 d5 3. Nc3 dxe4 4. Nxe4 Nf6 5. Qe2 Nxe4 6. Qxe4 Be6 7. c4 Na6 8.
d4 g6 9. Qe5 Rg8 10. Bd2 Qd6 11. Bc3 Qxe5+ 12. Nxe5 Bg7 13. f4 O-O-O 14. O-O-O
f6 15. Nf3 Bg4 16. Be2 Nc7 17. h3 Be6 18. Bd3 Bf7 19. Rhe1 Rd7 20. Kc2 Rgd8 21.
g3 Ne8 22. b3 Kb8 23. a4 Nc7 24. Rd2 f5 25. Rde2 e6 26. Re3 Bf6 27. g4 Bg8 28.
g5 Bg7 29. Bf1 Bf7 30. a5 a6 31. Bg2 Kc8 32. R1e2 Bg8 33. Rd2 Kb8 34. Red3 Kc8
35. Bb4 Kb8 36. Bc5 Na8 37. Re3 Bf8 38. Ne5 Rc7 39. h4 Bg7 40. Nf3 Rcd7 41. b4
Kc7 42. Ne5 Bxe5 43. Rxe5 b6 44. axb6+ Nxb6 45. Bxb6+ Kxb6 46. Kc3 Bf7 47. Ra5
Be8 48. c5+ Kb7 49. Bf1 1-0

[Event "HZ Chess Tournament 2024"]
[Site "Vlissingen, Netherlands"]
[Date "2024.08.03"]
[Round "1.26"]
[White "Van Dijkhuizen, Robbert"]
[Black "Bezemer, Arno"]
[Result "1/2-1/2"]
[WhiteElo "1866"]
[BlackElo "2225"]
[PlyCount "114"]

1. d4 Nf6 2. c4 c5 3. d5 g6 4. Nc3 Bg7 5. e4 O-O 6. Nf3 d6 7. h3 e6 8. Be2 exd5
9. exd5 Re8 10. O-O Ne4 11. Nxe4 Rxe4 12. Bd3 Re8 13. Qc2 Na6 14. a3 Nc7 15.
Bg5 Bf6 16. Bf4 b5 17. Rae1 Rxe1 18. Rxe1 bxc4 19. Bxc4 Rb8 20. Qa4 Rxb2 21.
Qxa7 Kg7 22. Qa4 Bb7 23. Qd1 h6 24. Bc1 Rb6 25. Re3 Kh7 26. h4 Bc8 27. h5 Bf5
28. hxg6+ fxg6 29. Qd2 g5 30. Qe1 Qd7 31. Re2 Kg6 32. Qd2 Rb1 33. Re1 Rb8 34.
Re3 Kg7 35. Qe2 Rb1 36. Qd2 g4 37. Nh2 Qf7 38. Re1 Qg6 39. Qa5 Qf7 40. Qd2 Qg6
41. Nf1 Nb5 42. Ng3 Bg5 43. Nxf5+ Qxf5 44. Bb2+ Kf7 45. Qe2 Rxe1+ 46. Qxe1 Nc7
47. Qe2 Nxd5 48. Bxd5+ Qxd5 49. Qxg4 Qd2 50. Qf5+ Ke7 51. Qe4+ Kd8 52. Qa8+ Kc7
53. Qa7+ Kc6 54. Qa6+ Kd5 55. Qa8+ Kc4 56. Qa4+ Kd5 57. Qa8+ Kc4 1/2-1/2

[Event "HZ Chess Tournament 2024"]
[Site "Vlissingen, Netherlands"]
[Date "2024.08.03"]
[Round "1.27"]
[White "Honkoop, Gilian"]
[Black "Beverdam, Frank"]
[Result "1-0"]
[WhiteElo "2189"]
[BlackElo "1865"]
[PlyCount "61"]

1. c4 g6 2. d4 Nf6 3. Nc3 c5 4. d5 d6 5. e4 e6 6. dxe6 Bxe6 7. h3 Nc6 8. Nf3
Be7 9. Bh6 a6 10. Bd3 Qc7 11. O-O Ne5 12. Nxe5 dxe5 13. Qf3 O-O-O 14. Nd5 Bxd5
15. cxd5 Kb8 16. Rfc1 Qd6 17. Be3 Rc8 18. Rc2 Rhf8 19. Rac1 Nd7 20. a3 b5 21.
b3 f6 22. Qe2 Kb7 23. Bxb5 axb5 24. Qxb5+ Ka8 25. Rc4 Rc7 26. Ra4+ Ra7 27.
Rxa7+ Kxa7 28. Rc4 Nb6 29. Bxc5 Qc7 30. Bxb6+ Qxb6 31. Qd7+ 1-0

[Event "HZ Chess Tournament 2024"]
[Site "Vlissingen, Netherlands"]
[Date "2024.08.03"]
[Round "1.28"]
[White "Nellen, Marcel"]
[Black "Duijker, Rick"]
[Result "0-1"]
[WhiteElo "1864"]
[BlackElo "2186"]
[PlyCount "94"]

1. d4 Nf6 2. c4 c5 3. d5 b5 4. cxb5 a6 5. bxa6 g6 6. g3 d6 7. Nc3 Bg7 8. a7
Rxa7 9. e4 O-O 10. Nf3 Nbd7 11. Be2 Ba6 12. O-O Qb6 13. Qc2 Rb8 14. Rb1 Bxe2
15. Qxe2 Qa6 16. Qc2 Ng4 17. a3 Nge5 18. Ne1 Rab7 19. b3 Rb6 20. h3 Nf6 21. f4
Ned7 22. Rf3 Qb7 23. Ne2 e6 24. dxe6 fxe6 25. Re3 d5 26. e5 Ne4 27. Nf3 Bf8 28.
Kg2 Be7 29. g4 Rf8 30. g5 Qa8 31. a4 Nb8 32. Ba3 Nc6 33. Rd3 Rfb8 34. Rdd1 Qb7
35. Nd2 Nxd2 36. Rxd2 c4 37. Bxe7 Nxe7 38. Nd4 Nf5 39. Nxf5 gxf5 40. a5 Rxb3
41. Rxb3 cxb3 42. Qb2 Qb4 43. a6 Kf7 44. a7 Qe4+ 45. Kh2 Qxf4+ 46. Kh1 Ra8 47.
Qxb3 Rxa7 0-1

[Event "HZ Chess Tournament 2024"]
[Site "Vlissingen, Netherlands"]
[Date "2024.08.03"]
[Round "1.29"]
[White "Kumar, Prajit Sai"]
[Black "Albrecht, Alex"]
[Result "1-0"]
[WhiteElo "2185"]
[BlackElo "1863"]
[PlyCount "51"]

1. e4 e6 2. d4 d5 3. e5 c5 4. c3 Nc6 5. Nf3 Bd7 6. Be2 Qc7 7. O-O f6 8. Re1
O-O-O 9. Na3 Nh6 10. Nb5 Qb8 11. exf6 gxf6 12. dxc5 Nf7 13. b4 Rg8 14. Bf1 Be7
15. a4 Nce5 16. Be3 Nxf3+ 17. Qxf3 Ne5 18. Qh5 Nc6 19. Nd4 Nxd4 20. cxd4 e5 21.
g3 Bg4 22. Bh3 Bxh3 23. Qxh3+ Rd7 24. b5 Kd8 25. Qxh7 Re8 26. Qf5 1-0

[Event "HZ Chess Tournament 2024"]
[Site "Vlissingen, Netherlands"]
[Date "2024.08.03"]
[Round "1.30"]
[White "De Putter, Sven"]
[Black "Karacsonyi, Kata"]
[Result "0-1"]
[WhiteElo "1863"]
[BlackElo "2184"]
[PlyCount "58"]

1. e4 c5 2. c3 d5 3. exd5 Qxd5 4. Nf3 g6 5. Na3 Bg7 6. Bc4 Qe4+ 7. Be2 Nh6 8.
O-O O-O 9. Re1 Qc6 10. d4 Nf5 11. Bf4 Rd8 12. Rc1 Be6 13. Ng5 Nh4 14. f3 cxd4
15. Nxe6 Qxe6 16. Kh1 Nc6 17. Bd3 Qf6 18. g3 e5 19. gxh4 exf4 20. Qb3 dxc3 21.
Rxc3 Qxh4 22. Rcc1 Nd4 23. Qxb7 Rab8 24. Qe4 Nf5 25. Kg2 Ne3+ 26. Rxe3 Qg5+ 27.
Kh1 fxe3 28. Nc4 Rd4 29. Qc6 Rxd3 0-1

[Event "HZ Chess Tournament 2024"]
[Site "Vlissingen, Netherlands"]
[Date "2024.08.03"]
[Round "1.31"]
[White "Boulahfa, Hicham"]
[Black "Hendriks, Jos"]
[Result "1-0"]
[WhiteElo "2183"]
[BlackElo "1861"]
[PlyCount "59"]

1. e4 e5 2. Nf3 Nf6 3. Nxe5 d6 4. Nf3 Nxe4 5. d3 Nf6 6. d4 d5 7. Bd3 Nc6 8. O-O
Be7 9. Re1 O-O 10. c3 Bg4 11. Bg5 h6 12. Bh4 Qd7 13. Nbd2 a6 14. h3 Be6 15. Nf1
g5 16. Bg3 Rae8 17. Ne5 Qc8 18. Nxc6 bxc6 19. Qa4 Qb7 20. Re2 Bc8 21. Rae1 Bd6
22. Bb1 Rxe2 23. Rxe2 Nh5 24. Qc2 f5 25. Be5 Ng7 26. g4 Bd7 27. Ng3 Qc8 28.
Bxg7 Kxg7 29. gxf5 Rf6 30. Nh5+ 1-0

[Event "HZ Chess Tournament 2024"]
[Site "Vlissingen, Netherlands"]
[Date "2024.08.03"]
[Round "1.32"]
[White "Kumar, Prayan Sai"]
[Black "Goossens, Hanne"]
[Result "0-1"]
[WhiteElo "1860"]
[BlackElo "2172"]
[PlyCount "50"]

1. e4 e5 2. Nf3 Nc6 3. d4 exd4 4. Nxd4 Nf6 5. Nxc6 bxc6 6. e5 Qe7 7. Qe2 Nd5 8.
h4 Qe6 9. Nd2 a5 10. c4 Nb4 11. Nf3 c5 12. a3 Nc6 13. g3 Ba6 14. Bf4 Rb8 15.
O-O-O Nd4 16. Nxd4 cxd4 17. Rxd4 Qb6 18. Rd2 Bxa3 19. Bh3 O-O 20. Bf5 Qb3 21.
Rc2 Qa2 22. Be4 Rxb2 23. Kd2 Bxc4 24. Qd1 Bb4+ 25. Ke3 Qa3+ 0-1

[Event "HZ Chess Tournament 2024"]
[Site "Vlissingen, Netherlands"]
[Date "2024.08.03"]
[Round "1.33"]
[White "Van Gool, Henk"]
[Black "Leentjens, Gilbert"]
[Result "1-0"]
[WhiteElo "2172"]
[BlackElo "1859"]
[PlyCount "63"]

1. c4 Nf6 2. Nc3 d5 3. cxd5 Nxd5 4. Nf3 g6 5. Qb3 c6 6. e4 Nc7 7. d4 Bg7 8. Be3
O-O 9. h3 a5 10. Be2 a4 11. Nxa4 Be6 12. Qc2 Nba6 13. a3 b5 14. Nc5 b4 15. O-O
Nxc5 16. Qxc5 bxa3 17. bxa3 Qd7 18. Rfc1 Rfb8 19. Ne5 Bxe5 20. Qxe5 Rb3 21. d5
Bxh3 22. Rxc6 Nb5 23. Qg3 Nc3 24. Bf3 Nxd5 25. exd5 Bf5 26. a4 Qb7 27. Rcc1 Ra5
28. Qc7 Qxc7 29. Rxc7 Rb4 30. Rxe7 Raxa4 31. Rxa4 Rxa4 32. d6 1-0

[Event "HZ Chess Tournament 2024"]
[Site "Vlissingen, Netherlands"]
[Date "2024.08.03"]
[Round "1.34"]
[White "Tal, Alexander"]
[Black "Kalle, Erwin"]
[Result "0-1"]
[WhiteElo "1724"]
[BlackElo "1998"]
[PlyCount "52"]

1. e4 c5 2. Nf3 d6 3. d4 cxd4 4. Nxd4 Nf6 5. Nc3 a6 6. Be2 e5 7. Nb3 Be7 8. a4
O-O 9. O-O Re8 10. Be3 Be6 11. a5 Nbd7 12. f3 b5 13. axb6 Nxb6 14. Rxa6 Rxa6
15. Bxa6 d5 16. exd5 Nbxd5 17. Nxd5 Nxd5 18. Qe2 Nxe3 19. Qxe3 Qc7 20. Qe2 Rb8
21. Kh1 Rb4 22. g3 h5 23. Re1 Bd6 24. Qf2 f5 25. f4 Bd5+ 26. Kg1 Rxb3 0-1

[Event "HZ Chess Tournament 2024"]
[Site "Vlissingen, Netherlands"]
[Date "2024.08.03"]
[Round "1.35"]
[White "De Witte, Wiebe"]
[Black "Perestjuk, Marko"]
[Result "1/2-1/2"]
[WhiteElo "1858"]
[BlackElo "2171"]
[PlyCount "59"]

1. e4 c5 2. c3 d5 3. exd5 Qxd5 4. d4 Nf6 5. Nf3 Bg4 6. dxc5 Qxd1+ 7. Kxd1 e5 8.
b4 e4 9. h3 Bh5 10. g4 Nxg4 11. hxg4 Bxg4 12. Nbd2 Nc6 13. Bh3 Bxh3 14. Rxh3
exf3 15. Nxf3 Be7 16. Bg5 h6 17. Bxe7 Kxe7 18. Kc2 f5 19. Nd4 Kf6 20. Nxc6 bxc6
21. Rd1 Rad8 22. Rhd3 Rxd3 23. Rxd3 Re8 24. Rd6+ Re6 25. c4 h5 26. Kd2 h4 27.
Rxe6+ Kxe6 28. Ke2 a5 29. b5 Kd7 30. b6 1/2-1/2

[Event "HZ Chess Tournament 2024"]
[Site "Vlissingen, Netherlands"]
[Date "2024.08.03"]
[Round "1.36"]
[White "Provoost, Simon"]
[Black "Andriessen, Bart Jan"]
[Result "1-0"]
[WhiteElo "2165"]
[BlackElo "1857"]
[PlyCount "59"]

1. d4 Nf6 2. Bf4 e6 3. e3 c5 4. c3 Nc6 5. Nf3 h6 6. h3 Be7 7. Nbd2 O-O 8. Bd3
b6 9. O-O Bb7 10. Re1 d6 11. Bh2 Re8 12. a3 a5 13. Qe2 Bf8 14. e4 e5 15. dxe5
Nxe5 16. Nxe5 dxe5 17. a4 Nd7 18. Rad1 Qf6 19. Bb5 Bc6 20. Nc4 Bxb5 21. axb5
Qe6 22. Rxd7 Qxd7 23. Nxb6 Qc7 24. Nxa8 Rxa8 25. Rd1 a4 26. Qc4 a3 27. bxa3
Rxa3 28. Bg3 Kh7 29. Qd5 f6 30. c4 1-0

[Event "HZ Chess Tournament 2024"]
[Site "Vlissingen, Netherlands"]
[Date "2024.08.03"]
[Round "1.37"]
[White "Welten, Hans"]
[Black "Frayna, Janelle Mae"]
[Result "0-1"]
[WhiteElo "1857"]
[BlackElo "2162"]
[PlyCount "92"]

1. d4 Nf6 2. c4 g6 3. Nc3 d5 4. Nf3 Bg7 5. Qb3 dxc4 6. Qxc4 O-O 7. e4 a6 8. Be3
b5 9. Qb3 Bb7 10. Nd2 Ng4 11. Be2 Nxe3 12. fxe3 e5 13. d5 Qh4+ 14. g3 Qh3 15.
O-O-O Bh6 16. Bf1 Qc8 17. Re1 Nd7 18. Bh3 Qd8 19. Bxd7 Qxd7 20. Nf3 Qd6 21. Kb1
b4 22. Nd1 f5 23. Nd2 fxe4 24. Nc4 Bxd5 25. Nxd6 Bxb3 26. Nxe4 Bd5 27. Ndf2 Rf3
28. Rd1 c6 29. Rhe1 Raf8 30. Rd3 Bc4 31. Rd6 Bd5 32. Nf6+ R8xf6 33. Rxf6 Rxf6
34. Ng4 Be4+ 35. Ka1 Kg7 36. Nxf6 Kxf6 37. b3 Bd3 38. Kb2 e4 39. Kc1 Kf5 40. h3
a5 41. Kd2 Bg7 42. Kc1 c5 43. Rg1 c4 44. Rh1 Ke6 45. g4 a4 46. bxa4 b3 0-1

[Event "HZ Chess Tournament 2024"]
[Site "Vlissingen, Netherlands"]
[Date "2024.08.03"]
[Round "1.38"]
[White "Boeren, Jurriaan"]
[Black "Van de Griend, Johan"]
[Result "1-0"]
[WhiteElo "2159"]
[BlackElo "1854"]
[PlyCount "71"]

1. e4 c5 2. Nf3 Nc6 3. d4 cxd4 4. Nxd4 g6 5. c4 Bg7 6. Be3 Nf6 7. Nc3 O-O 8.
Be2 d6 9. O-O Nxd4 10. Bxd4 Be6 11. Qd2 Rc8 12. b3 a6 13. Rac1 Nd7 14. Be3 Re8
15. f4 Nc5 16. Bf3 Qa5 17. Rfd1 b5 18. Nd5 Qxd2 19. Rxd2 f5 20. exf5 Bxf5 21.
g4 Be4 22. Kg2 Bxf3+ 23. Kxf3 e5 24. Bxc5 e4+ 25. Ke2 dxc5 26. Rf1 Bd4 27. f5
gxf5 28. gxf5 Kf7 29. Rf4 Re5 30. Rh4 Rh8 31. Rh5 Kg7 32. Rxd4 cxd4 33. f6+ Kf7
34. Rxe5 Rg8 35. Re7+ Kf8 36. Nf4 1-0

[Event "HZ Chess Tournament 2024"]
[Site "Vlissingen, Netherlands"]
[Date "2024.08.03"]
[Round "1.39"]
[White "Verhoef, Harry"]
[Black "Vantorre, Nils"]
[Result "0-1"]
[WhiteElo "1852"]
[BlackElo "2153"]
[PlyCount "56"]

1. d4 Nf6 2. c4 g6 3. Nc3 d5 4. g3 c5 5. dxc5 d4 6. Nb5 Nc6 7. Bg2 e5 8. Nd6+
Bxd6 9. cxd6 Qxd6 10. b3 O-O 11. Nh3 Bf5 12. O-O Rfe8 13. Bb2 Rad8 14. Re1 Qd7
15. Ng5 h6 16. Nf3 e4 17. Nd2 Ng4 18. Nf1 h5 19. f3 exf3 20. Bxf3 Be4 21. e3
Qf5 22. Bxg4 hxg4 23. exd4 Ne5 24. Nd2 Bc2 25. Qc1 Nd3 26. Rxe8+ Rxe8 27. Qxc2
Qf2+ 28. Kh1 Re2 0-1

[Event "HZ Chess Tournament 2024"]
[Site "Vlissingen, Netherlands"]
[Date "2024.08.03"]
[Round "1.40"]
[White "Van Rootselaar, Rik"]
[Black "Van Hoof, Jan"]
[Result "1-0"]
[WhiteElo "2152"]
[BlackElo "1848"]
[PlyCount "141"]

1. d4 e5 2. dxe5 d6 3. exd6 Bxd6 4. Nf3 Nc6 5. g3 Qe7 6. Nd4 Qe4 7. Nf3 Nb4 8.
Na3 Bf5 9. Qd4 Nf6 10. Qxe4+ Bxe4 11. c3 Nd3+ 12. exd3 Bxf3 13. Rg1 Bxa3 14.
bxa3 O-O-O 15. Be2 Rhe8 16. Be3 Bxe2 17. Kxe2 Re6 18. Kd2 Ra6 19. Bd4 Rdd6 20.
Kc2 Rac6 21. Kb2 Rd5 22. Rge1 Rb5+ 23. Kc2 Rd5 24. Kd2 Kd7 25. Rab1 b6 26. Re5
Rxe5 27. Bxe5 Ne8 28. Rb4 f6 29. Bf4 Nd6 30. h4 g6 31. g4 Ke6 32. a4 a5 33. Rd4
Rc5 34. Bxd6 cxd6 35. Re4+ Kf7 36. Re1 h5 37. f3 hxg4 38. fxg4 f5 39. Rg1 fxg4
40. Rxg4 Kf6 41. c4 Rf5 42. Ke3 Rc5 43. Rd4 Ke6 44. Re4+ Kf7 45. Rd4 Ke6 46.
Kf3 Ke7 47. Kg4 Ke6 48. Rd5 Rc8 49. Rb5 Rb8 50. Kg5 Kf7 51. Rd5 Rd8 52. Rd4 Kg7
53. Re4 Kf7 54. Rf4+ Ke6 55. d4 Rc8 56. d5+ Ke5 57. Rg4 Rh8 58. a3 Rf8 59. Kh6
Rh8+ 60. Kg7 Rc8 61. Rg5+ Kf4 62. Rxg6 Rxc4 63. h5 Kf5 64. Rxd6 Rc7+ 65. Kh6
Rc8 66. Kg7 Ke5 67. Rxb6 Kxd5 68. h6 Rc7+ 69. Kg6 Rc8 70. h7 Ra8 71. Rb7 1-0

[Event "HZ Chess Tournament 2024"]
[Site "Vlissingen, Netherlands"]
[Date "2024.08.03"]
[Round "1.41"]
[White "Quintus, Max"]
[Black "Grooten, Tommy"]
[Result "1/2-1/2"]
[WhiteElo "1846"]
[BlackElo "2146"]
[PlyCount "131"]

1. d4 Nf6 2. Nf3 g6 3. c4 c5 4. d5 b5 5. cxb5 a6 6. e3 Bg7 7. Nc3 O-O 8. a4
axb5 9. Bxb5 Bb7 10. e4 d6 11. O-O Na6 12. Re1 Nc7 13. Bc4 Nd7 14. Be3 Kh8 15.
Qd2 f5 16. exf5 Rxf5 17. Bh6 Qf8 18. Bxg7+ Qxg7 19. Qe2 Re8 20. Nb5 Nxd5 21.
Bxd5 Bxd5 22. Nxd6 exd6 23. Qxe8+ Nf8 24. a5 Qf6 25. Qe7 Rxf3 26. Qxf6+ Rxf6
27. a6 Ne6 28. Rad1 Nd4 29. a7 Kg7 30. Re8 Rf8 31. Rde1 Nf5 32. Rb8 Kf7 33. Rd1
Nd4 34. Ra1 Ba8 35. Ra6 Nc6 36. Rab6 Nxb8 37. axb8=Q Rxb8 38. Rxb8 Be4 39. f3
Bc2 40. Rb7+ Ke6 41. Rxh7 Ke5 42. Kf2 Kd4 43. Ke2 Bd3+ 44. Kd2 c4 45. Rd7 Ke5
46. Rd8 d5 47. g3 d4 48. b4 Bf1 49. f4+ Ke4 50. Rd6 c3+ 51. Kc2 Bd3+ 52. Kc1
Ke3 53. Re6+ Be4 54. b5 d3 55. Rxe4+ Kxe4 56. b6 Ke3 57. b7 d2+ 58. Kc2 Ke2 59.
b8=Q d1=Q+ 60. Kxc3 Qd3+ 61. Kb2 Kf1 62. Qb3 Qd2+ 63. Qc2 Qb4+ 64. Kc1 Qa3+ 65.
Kd2 Kg2 66. Ke1+ 1/2-1/2

[Event "HZ Chess Tournament 2024"]
[Site "Vlissingen, Netherlands"]
[Date "2024.08.03"]
[Round "1.42"]
[White "Hng, Mei-En Emmanuelle"]
[Black "Czappa, Fabian Alexander"]
[Result "1-0"]
[WhiteElo "2145"]
[BlackElo "1842"]
[PlyCount "87"]

1. e4 e5 2. Nf3 Nc6 3. Bb5 Nf6 4. O-O Nxe4 5. Re1 Nd6 6. Bf1 Be7 7. Nxe5 Nxe5
8. Rxe5 O-O 9. d4 Bf6 10. Re1 Nf5 11. c3 d5 12. Bf4 Nd6 13. Bd3 Re8 14. Rxe8+
Qxe8 15. Nd2 Be6 16. h3 Qd7 17. Nf3 c6 18. Ne5 Bxe5 19. dxe5 Ne4 20. Qc2 f5 21.
exf6 Nxf6 22. Be5 Rf8 23. Re1 g6 24. Bd4 Nh5 25. Qe2 Bf5 26. Qe5 Ng7 27. Bxf5
gxf5 28. Re3 f4 29. Rf3 Rf5 30. Qb8+ Rf8 31. Qxa7 Ne6 32. h4 Qc7 33. b4 Qe7 34.
g3 Ng7 35. Bxg7 Qxg7 36. Qd4 Qg6 37. Rxf4 Rxf4 38. Qxf4 Qc2 39. Qb8+ Kf7 40.
Qxb7+ Kf8 41. Qxc6 Qb1+ 42. Kg2 Qe4+ 43. Kh2 Qf3 44. Qc5+ 1-0

[Event "HZ Chess Tournament 2024"]
[Site "Vlissingen, Netherlands"]
[Date "2024.08.03"]
[Round "1.43"]
[White "De Feijter, David"]
[Black "Krause, Thomas"]
[Result "1/2-1/2"]
[WhiteElo "1840"]
[BlackElo "2144"]
[PlyCount "94"]

1. c4 g6 2. Nc3 Bg7 3. g3 c5 4. Bg2 Nc6 5. e4 Nf6 6. Nge2 d6 7. O-O O-O 8. d3
Rb8 9. h3 Ne8 10. Be3 Nd4 11. Qd2 Nc7 12. Bh6 Nxe2+ 13. Nxe2 e5 14. Bxg7 Kxg7
15. f4 f6 16. f5 g5 17. Bf3 b5 18. h4 gxh4 19. gxh4 Bd7 20. Kh2 Qe7 21. Rg1+
Kh8 22. b3 b4 23. h5 Rg8 24. h6 Rxg1 25. Rxg1 Rg8 26. Ng3 Qf8 27. Nh5 Rxg1 28.
Kxg1 Ne8 29. Kf1 a5 30. Ke1 a4 31. Bd1 a3 32. Bf3 Qg8 33. Kf1 Qf8 34. Ke1 Kg8
35. Qg2+ Kf7 36. Qd2 Ke7 37. Kf1 Qg8 38. Kf2 Qf8 39. Qe3 Qg8 40. Be2 Bc6 41.
Qg3 Qxg3+ 42. Kxg3 Kf7 43. Kh4 Bd7 44. Ng3 Nc7 45. Nf1 Ke7 46. Ne3 Be8 47. Nd5+
Nxd5 1/2-1/2

[Event "HZ Chess Tournament 2024"]
[Site "Vlissingen, Netherlands"]
[Date "2024.08.03"]
[Round "1.44"]
[White "Timmermans, Ivo"]
[Black "Van de Vreede, Adrie"]
[Result "1-0"]
[WhiteElo "2143"]
[BlackElo "1838"]
[PlyCount "105"]

1. e4 c6 2. c4 d5 3. exd5 cxd5 4. cxd5 Nf6 5. Nc3 Nxd5 6. Bc4 Nb6 7. Bb3 Nc6 8.
Nf3 Bf5 9. d4 e6 10. O-O Be7 11. Be3 Nb4 12. a3 N4d5 13. Nxd5 exd5 14. Ne5 O-O
15. Qh5 Bg6 16. Nxg6 hxg6 17. Qe2 Re8 18. Rac1 Bd6 19. Rc3 Qh4 20. h3 Qxd4 21.
Bxd4 Rxe2 22. a4 Rxb2 23. Re3 Rd2 24. Bc3 d4 25. Bxd2 dxe3 26. fxe3 Rf8 27. g4
Be7 28. h4 Bxh4 29. Bb4 Rd8 30. Rxf7 Kh7 31. Rxb7 Rd7 32. Rxd7 Nxd7 33. Be6 a5
34. Bxd7 axb4 35. a5 Bd8 36. a6 Bb6 37. Kf2 g5 38. Ke2 Kg6 39. Kd3 Kf6 40. Ba4
Ke5 41. Bb3 Kd6 42. e4 Bc5 43. Kc4 Kc6 44. e5 Be7 45. a7 Kb7 46. Kd5 Kxa7 47.
Ke6 Bc5 48. Kd7 Bd4 49. e6 Bf6 50. e7 Bxe7 51. Kxe7 Kb6 52. Kf7 Kc6 53. Kxg7
1-0

[Event "HZ Chess Tournament 2024"]
[Site "Vlissingen, Netherlands"]
[Date "2024.08.03"]
[Round "1.45"]
[White "Kempfer, Justus"]
[Black "Abrahams, Daniel"]
[Result "0-1"]
[WhiteElo "1835"]
[BlackElo "2139"]
[PlyCount "30"]

1. e4 e5 2. Nf3 Nc6 3. Bc4 Nf6 4. Ng5 d5 5. exd5 Na5 6. Bb5+ Bd7 7. Bxd7+ Qxd7
8. Nc3 Nxd5 9. Qf3 Nb4 10. Kd1 Nac6 11. a3 Nxc2 12. Nxf7 N2d4 13. Nxe5 Qe6 14.
Qf4 Bd6 15. Re1 Qb3# 0-1

[Event "HZ Chess Tournament 2024"]
[Site "Vlissingen, Netherlands"]
[Date "2024.08.03"]
[Round "1.46"]
[White "Decker, Nils"]
[Black "Melaerts, Vincent"]
[Result "1-0"]
[WhiteElo "2134"]
[BlackElo "1832"]
[PlyCount "115"]

1. e4 e5 2. Nf3 Nc6 3. Nc3 Nf6 4. Bb5 Bc5 5. O-O d6 6. d4 exd4 7. Nxd4 Bd7 8.
Nf5 O-O 9. Bg5 Bxf5 10. exf5 h6 11. Bh4 Nd4 12. Bd3 d5 13. Bxf6 Qxf6 14. Nxd5
Qe5 15. Ne3 Rfe8 16. Qh5 Rad8 17. Ng4 Qf4 18. f6 Qg5 19. fxg7 Kxg7 20. Qxg5+
hxg5 21. Ne3 Nc6 22. Nf5+ Kf6 23. Ng3 Bb4 24. a3 Ba5 25. Ne4+ Kg7 26. Nxg5 Ne5
27. Rad1 Nxd3 28. Rxd3 Rxd3 29. cxd3 Re2 30. b4 Bb6 31. a4 Rb2 32. a5 Bd4 33.
g3 Rxb4 34. Rc1 c6 35. a6 bxa6 36. Rxc6 Bb6 37. Rc2 a5 38. Kf1 a4 39. Ra2 Bc5
40. Ne4 Be7 41. Ke2 a3 42. Kd2 a5 43. Nc3 Kg6 44. Nd5 Bg5+ 45. f4 Rd4 46. fxg5
Rxd5 47. h4 Kh5 48. Rxa3 Kg4 49. Ra4+ Kxg3 50. Ke3 Re5+ 51. Kd4 Rf5 52. Kc3
Rc5+ 53. Rc4 Rb5 54. Re4 Rc5+ 55. Kd4 Rb5 56. Ke3 Rb4 57. Rxb4 axb4 58. h5 1-0

[Event "HZ Chess Tournament 2024"]
[Site "Vlissingen, Netherlands"]
[Date "2024.08.03"]
[Round "1.47"]
[White "Kuiper, Willem"]
[Black "Van Doren, Bas"]
[Result "0-1"]
[WhiteElo "1828"]
[BlackElo "2129"]
[PlyCount "60"]

1. e4 c5 2. Nf3 e6 3. d4 cxd4 4. Nxd4 a6 5. Nc3 b5 6. Qd3 Bc5 7. Nb3 Be7 8. Be3
Bb7 9. Nc5 Bc6 10. e5 f5 11. b4 g5 12. Be2 h5 13. Rd1 Bxg2 14. Rg1 Bc6 15.
Bxh5+ Rxh5 16. Nxe6 dxe6 17. Qe2 g4 18. Rxd8+ Kxd8 19. Rxg4 fxg4 20. Qxg4 Rf5
21. Qxg8+ Kd7 22. Qg7 Bf3 23. Ne2 Bxe2 24. Kxe2 Nc6 25. f4 Nxb4 26. Qg2 Nd5 27.
Bd2 Rc8 28. Kd3 Rc3+ 29. Ke4 Rxc2 30. Kd3 Nxf4+ 0-1